A Mitologia Grega de A a Z (Record no. 45638)

MARC details
000 -Etiqueta do registo
Valores 00876nam a2200277 4500
100 ## - Dados gerais de processamento
Dados gerais 20230907d2023 a y0pory50030103ba
101 1# - Língua de publicação
Língua por
102 ## - País de publicação
País PT
200 1# - Titulo e menção de responsabilidade
Título próprio A Mitologia Grega de A a Z
Primeira menção de responsabilidade Luc Ferry
Outras menções de responsabilidade trad. Joana Baudoin
205 ## - Menção da edição
Edição 1.ª ed.
210 #9 - Publicação
Local de publicação Lisboa
Nome do editor Guerra & Paz
Data de publicação 2026
215 ## - Descrição física 
Paginação / Volumes 330 p.
225 2# - Colecção 
Título próprio da colecção Os Livros Não se Rendem
304 ## - Nota relativa ao título
Texto de nota tít. orig.: La Mythologie grecque de A à Z pour les Nuls»
675 ## - CDU
Notação 2-14(38)
675 ## - CDU
Notação 2-158 ) A/Z (38)
675 ## - CDU
Notação 821.133.1-9"20"
Edição BN
Língua por
700 #1 - Autor principal
Apelido Ferry,
Nome Luc,
Datas 1951-
701 #1 - Autor co-responsavel
Apelido Duarte,
Nome Carlos Rafael
Função 070
702 #1 - Autor secundário
Apelido Bruneau,
Nome Clotilde,
Datas 1987-
Função 070
702 #1 - Autor secundário
Apelido Carmo,
Nome Maria de Fátima
Função 730
801 #0 - Fonte de origem
País PT
Agência BN
Regras de catalogação RPC
856 41 - Localização e acesso electrónico 
URL <a href="http://rnod.bnportugal.gov.pt/ImagesBN/winlibimg.aspx?skey=&doc=2142852&img=183709&save=true">http://rnod.bnportugal.gov.pt/ImagesBN/winlibimg.aspx?skey=&doc=2142852&img=183709&save=true</a>
990 ## - Elementos KOHA
Tipo de documento Livro
Holdings
Aquisição Empréstimo Código de barras Cota Permissão de empréstimo Tipo de documento Nota relativa ao exemplar
Biblioteca Municipal de Redondo Biblioteca Municipal de Redondo 056362 2-14(38) FER   Livro Oferta da Fundação Manuel António Mota

Powered by Koha